000 00411nam a22001457a 4500
999 _c8930
_d8930
003 GBCCL
005 20241126110701.0
008 220202b ||||| |||| 00| 0 eng d
040 _cgbc
082 _aSOU PEA
_b2021
245 _aPearsonmun platinum jubilee souvenir :
_btutan Toupa'n hon pi 1 samuel 7;12
260 _aPearsonmun :
_bThe people of Pearsonmun,
_c2021.
300 _a170p. ;
942 _2ddc
_cARCH